000
00377nam a2200133Ia 4500
008
100328s9999 xx 000 0 und d
082
_b
11090
100
_a
देशमुख माधव गोपाळ-संपा.
245
_a
नवे पान
260
_b
सुविचार
630
_a
नवे पान
730
_a
नवे पान
942
_c
BOOK
999
_c
506425
_d
506422